000 00976nam a22002417a 4500
999 _c63929
_d63929
005 20240530110706.0
008 180117s2016 ua a g b 000 0 ara d
017 _a2015/20492
_bمصر. دار الكتب
020 _a9789777292672
040 _aEG-CaGPL
_cEG-CaGPL
082 0 4 _221
_a371.33 /
_bم ت
100 0 _aمحمد الباتع محمد عبدالعاطى
245 1 0 _aتكنولوجيا التعليم المدمج /
_cمحمد الباتع محمد عبدالعاطى
260 _aالاسكندرية :
_bالمكتبة التربوية،
_c2016.
300 _a405 ص. :
_bجداول ؛
_c24 سم.
504 _aيشتمل على ارجاعات ببليوجرافية
650 0 7 _2qrmak
_aالتعليم
_xاغراضة واهدافة
650 0 7 _2qrmak
_aالسياسة التعليمية
650 0 7 _2qrmak
_aالتعليم
_xوسائل سمعية وبصرية
651 _2qrmak
942 _2ddc
_cBK